Ústredný vestník Slovenskej socialistickej republiky

Gespeichert in:
Bibliographische Detailangaben
Format: Schriftenreihe
Sprache:Slowakisch
Veröffentlicht: Bratislava Ministerstvo spravodlivosti SSR
Schlagworte:
Tags: Tag hinzufügen
Keine Tags, Fügen Sie das erste Tag hinzu!

MARC

LEADER 00000nas1a22000001 4500
001 s120284
005 20230608115722.3
041 0 |a slo 
044 |a SK 
245 1 0 |a Ústredný vestník Slovenskej socialistickej republiky 
264 1 |a Bratislava  |b Ministerstvo spravodlivosti SSR 
610 2 0 |a správa verejná